| 000 -LEADER |
| fixed length control field |
00871cam a22002894a 4500 |
| 001 - CONTROL NUMBER |
| control field |
14167161 |
| 005 - DATE AND TIME OF LATEST TRANSACTION |
| control field |
20171226041250.0 |
| 008 - FIXED-LENGTH DATA ELEMENTS--GENERAL INFORMATION |
| fixed length control field |
051031s2007 paua b 001 0 eng |
| 010 ## - LIBRARY OF CONGRESS CONTROL NUMBER |
| LC control number |
2005031070 |
| 016 7# - NATIONAL BIBLIOGRAPHIC AGENCY CONTROL NUMBER |
| Record control number |
101260637 |
| Source |
DNLM |
| 020 ## - INTERNATIONAL STANDARD BOOK NUMBER |
| International Standard Book Number |
0781762405 (cloth : alk. paper) |
| 020 ## - INTERNATIONAL STANDARD BOOK NUMBER |
| International Standard Book Number |
9780781762403 |
| 035 ## - SYSTEM CONTROL NUMBER |
| System control number |
(OCoLC)ocm62324456 |
| 040 ## - CATALOGING SOURCE |
| Original cataloging agency |
DNLM/DLC |
| Transcribing agency |
DLC |
| Modifying agency |
NLM |
| -- |
BAKER |
| -- |
C#P |
| -- |
DLC |
| 041 ## - LANGUAGE CODE |
| Language code of text/sound track or separate title |
eng |
| 042 ## - AUTHENTICATION CODE |
| Authentication code |
pcc |
| 060 10 - NATIONAL LIBRARY OF MEDICINE CALL NUMBER |
| Classification number |
WY 100.4 |
| Item number |
W374h 2007 |
| 080 ## - UNIVERSAL DECIMAL CLASSIFICATION NUMBER |
| Universal Decimal Classification number |
610.73 WEB |
| 082 00 - DEWEY DECIMAL CLASSIFICATION NUMBER |
| Classification number |
610.73 WEB |
| Edition number |
22 |
| 100 1# - Rafti |
| Rafti |
2 |
| 101 ## - Shkurtesa |
| Shkurtesa |
INF |
| 245 10 - TITLE STATEMENT |
| Title |
Health assessment in nursing / |
| Statement of responsibility, etc |
Janet Weber, Jane H. Kelley. |
| 504 ## - BIBLIOGRAPHY, ETC. NOTE |
| Bibliography, etc |
Includes bibliographical references and index. |
| 906 ## - LOCAL DATA ELEMENT F, LDF (RLIN) |
| a |
7 |
| b |
cbc |
| c |
orignew |
| d |
1 |
| e |
ecip |
| f |
20 |
| g |
y-gencatlg |
| 942 ## - ADDED ENTRY ELEMENTS (KOHA) |
| Source of classification or shelving scheme |
|
| Item type |
Books |